[Event "DVM U10 2020"]
[Site "Magdeburg GER"]
[Date "2021.08.07"]
[Round "3"]
[White "Burlutskaia, Maria"]
[Black "Kutz, Ida Klara"]
[Result "1/2-1/2"]
[Termination "normal"]
[Board "7.2"]
[WhiteElo "1355"]
[BlackElo "1232"]
[WhiteTeam "Tischtennisclub Grün-Weiß Fritzdorf 1958 e. V."]
[BlackTeam "Lübecker SV von 1873"]
[PlyCount "120"]
[WhiteFideId "34607137"]
[BlackFideId "16296257"]
[EventCountry "GER"]
[EventRounds "7"]
[EventType "team-swiss"]
[EventDate "2021.08.06"]

1. e4 c5 2. Nc3 e6 3. f4 d6 4. Nf3 Nf6 5. Bb5+ Nbd7 6. Qe2 a6 7. Bxd7+ Bxd7 8.
e5 Ng4 9. h3 Nh6 10. O-O Nf5 11. Kh2 Be7 12. g4 Nd4 13. Nxd4 cxd4 14. Ne4 d5
15. Ng3 O-O 16. Qf3 Qc7 17. c3 dxc3 18. bxc3 Bb5 19. Re1 Qc4 20. f5 Bg5 21. d3
Qxc3 22. Bxg5 Qxd3 23. Qxd3 Bxd3 24. Re3 Bc4 25. f6 gxf6 26. Bxf6 Rac8 27. h4
h6 28. Ne2 Kh7 29. g5 d4 30. Nxd4 Bd5 31. Rg1 Rg8 32. Reg3 Rc4 33. Nf3 Bxf3 34.
Rxf3 Rxh4+ 35. Rh3 Rxh3+ 36. Kxh3 hxg5 37. Kg4 Rc8 38. Bxg5 Rc2 39. Rf1 Rc7 40.
Rc1 Rxc1 41. Bxc1 Kg6 42. Kf4 b6 43. Ke4 f5+ 44. exf6 Kxf6 45. Bb2+ Ke7 46. Ke5
Kd7 47. a4 b5 48. a5 Kc6 49. Ba3 Kd7 50. Bb4 Kc6 51. Kxe6 Kc7 52. Kd5 Kd7 53.
Kc5 Kc7 54. Bd2 Kb7 55. Kd6 Ka7 56. Kc6 Kb8 57. Kb6 Ka8 58. Kxa6 b4 59. Bxb4
Kb8 60. Kb6 Ka8 1/2-1/2

[Event "DVM U10 2020"]
[Site "Magdeburg GER"]
[Date "2021.08.07"]
[Round "3"]
[White "Kutz, Paul Matti"]
[Black "Fischermann, Simon"]
[Result "1-0"]
[Termination "normal"]
[Board "7.3"]
[WhiteElo "1202"]
[BlackElo "861"]
[WhiteTeam "Lübecker SV von 1873"]
[BlackTeam "Tischtennisclub Grün-Weiß Fritzdorf 1958 e. V."]
[PlyCount "57"]
[WhiteFideId "16296265"]
[BlackFideId "34620869"]
[EventCountry "GER"]
[EventRounds "7"]
[EventType "team-swiss"]
[EventDate "2021.08.06"]

1. e4 e5 2. Nf3 Nf6 3. Bc4 d5 4. exd5 Nxd5 5. O-O Be7 6. Nxe5 Qd6 7. d4 O-O 8.
Be3 c5 9. c3 Nxe3 10. fxe3 Bf6 11. Bxf7+ Rxf7 12. Nxf7 Kxf7 13. e4 cxd4 14.
cxd4 Kg8 15. e5 Qc6 16. exf6 b6 17. Nc3 Bb7 18. d5 Qc5+ 19. Kh1 Nd7 20. f7+ Kf8
21. Qd2 Nf6 22. Rae1 Rd8 23. Qe2 Kxf7 24. Qe6+ Kf8 25. Rxf6+ gxf6 26. Qxf6+ Kg8
27. Qxd8+ Kf7 28. Qd7+ Kf6 29. Qxb7 1-0

[Event "DVM U10 2020"]
[Site "Magdeburg GER"]
[Date "2021.08.07"]
[Round "3"]
[White "Melestean, Maxim"]
[Black "He, Saiqi"]
[Result "1-0"]
[Termination "normal"]
[Board "8.1"]
[WhiteElo "1289"]
[BlackElo "1116"]
[WhiteTeam "Schachklub König Plauen"]
[BlackTeam "SchVgg Blankenese von 1923 e.V."]
[PlyCount "80"]
[WhiteFideId "16280393"]
[BlackFideId "16292723"]
[EventCountry "GER"]
[EventRounds "7"]
[EventType "team-swiss"]
[EventDate "2021.08.06"]

1. d4 d5 2. c4 e6 3. Nc3 Nf6 4. Nf3 Nc6 5. Bg5 Be7 6. e3 O-O 7. Bd3 dxc4 8.
Bxc4 h6 9. Bh4 Re8 10. O-O a6 11. a3 b5 12. Ba2 Bb7 13. Rc1 Qd6 14. Bxf6 Bxf6
15. Ne4 Qe7 16. Nc5 Nd8 17. Rc2 Bd5 18. Bxd5 exd5 19. Qd3 Rc8 20. Nxa6 c6 21.
Rfc1 Qe6 22. Nb4 Re7 23. h3 Rec7 24. Na6 Ra7 25. Nc5 Qd6 26. Qf5 Ne6 27. Nh2
Rac7 28. Ng4 Qe7 29. Nxf6+ gxf6 30. Na6 Ra7 31. Nb4 Kh8 32. Nxc6 Rxc6 33. Rxc6
Ra8 34. Rc8+ Rxc8 35. Rxc8+ Nf8 36. Qh5 Kh7 37. Qxd5 Kg7 38. Qd8 Qxd8 39. Rxd8
Ne6 40. Rd6 Kf8 1-0

[Event "DVM U10 2020"]
[Site "Magdeburg GER"]
[Date "2021.08.07"]
[Round "3"]
[White "Rosado de Nebendahl, Philippe"]
[Black "da Costa Silva, Pepe"]
[Result "1-0"]
[Termination "normal"]
[Board "8.2"]
[WhiteElo "847"]
[BlackElo "1105"]
[WhiteTeam "SchVgg Blankenese von 1923 e.V."]
[BlackTeam "Schachklub König Plauen"]
[PlyCount "65"]
[WhiteFideId "16292731"]
[BlackFideId "16282000"]
[EventCountry "GER"]
[EventRounds "7"]
[EventType "team-swiss"]
[EventDate "2021.08.06"]

1. d4 Nf6 2. c4 g6 3. Nc3 Bg7 4. Bf4 d6 5. e4 O-O 6. Bd3 Nc6 7. Nge2 e5 8. d5
exf4 9. dxc6 bxc6 10. Nxf4 Re8 11. O-O Rb8 12. Rb1 Qd7 13. Qa4 Bb7 14. Qxa7 d5
15. cxd5 cxd5 16. exd5 Nxd5 17. Bb5 c6 18. Nfxd5 cxb5 19. Rbd1 Qg4 20. f3 Qg5
21. Ne4 Qe5 22. Qc5 Bf8 23. Ndf6+ Kg7 24. Qxe5 Rxe5 25. Nd7 Rbe8 26. Nxe5 Rxe5
27. Rd7 Bc6 28. Rc7 Bxe4 29. fxe4 Kh6 30. Rfxf7 Bc5+ 31. Kf1 Bd4 32. h4 Rxe4
33. Rxh7# 1-0

[Event "DVM U10 2020"]
[Site "Magdeburg GER"]
[Date "2021.08.07"]
[Round "3"]
[White "Al-Hrishat, Alhasan"]
[Black "Ueberholz, Lasse"]
[Result "0-1"]
[Termination "normal"]
[Board "8.3"]
[WhiteElo "1123"]
[BlackElo "995"]
[WhiteTeam "Schachklub König Plauen"]
[BlackTeam "SchVgg Blankenese von 1923 e.V."]
[PlyCount "126"]
[BlackFideId "16286766"]
[EventCountry "GER"]
[EventRounds "7"]
[EventType "team-swiss"]
[EventDate "2021.08.06"]

1. e4 e5 2. Nf3 Nc6 3. Nc3 Nf6 4. d4 exd4 5. Nxd4 Nxd4 6. Qxd4 b6 7. Bb5 Bc5 8.
Qd3 O-O 9. O-O c6 10. Bc4 a5 11. a3 b5 12. Ba2 Ba6 13. Qf3 b4 14. axb4 axb4 15.
Na4 Bxf1 16. Nxc5 Bb5 17. Bf4 Bc4 18. b3 Bb5 19. h3 Qe7 20. Nb7 Nxe4 21. Qe3
Qf6 22. Re1 d5 23. f3 Nc3 24. Bb1 d4 25. Qe5 Qxe5 26. Bxe5 Ne2+ 27. Kh2 Ra1 28.
Nd6 Nc3 29. Bxd4 Rxb1 30. Re3 Nd5 31. Re5 f6 32. Rf5 Ne7 33. Rc5 Rd1 34. Nxb5
cxb5 35. Be3 Nd5 36. Bf2 Nf4 37. Rxb5 Rd2 38. Be3 Rxg2+ 39. Kh1 Rg3 40. Bxf4
Rxh3+ 41. Kg2 Rh4 42. Kg3 g5 43. Bxg5 Rh5 44. Kg4 Rxg5+ 45. Rxg5+ fxg5 46. Kxg5
Rxf3 47. Kg4 Rf2 48. Kg3 Rxc2 49. Kf3 Kf7 50. Ke3 Rc7 51. Kd4 Kf6 52. Kd5 Kf5
53. Kd6 h5 54. Kxc7 h4 55. Kb6 h3 56. Kb5 h2 57. Kxb4 h1=Q 58. Ka4 Qd5 59. b4
Qc4 60. Ka3 Ke4 61. Ka4 Kd5 62. Ka3 Kc6 63. Ka4 Qa2# 0-1

[Event "DVM U10 2020"]
[Site "Magdeburg GER"]
[Date "2021.08.07"]
[Round "3"]
[White "Steiner, Erik"]
[Black "Akladius, Antonius"]
[Result "1-0"]
[Termination "normal"]
[Board "8.4"]
[WhiteElo "1012"]
[BlackElo "991"]
[WhiteTeam "SchVgg Blankenese von 1923 e.V."]
[BlackTeam "Schachklub König Plauen"]
[PlyCount "119"]
[WhiteFideId "16292715"]
[BlackFideId "16289153"]
[EventCountry "GER"]
[EventRounds "7"]
[EventType "team-swiss"]
[EventDate "2021.08.06"]

1. e4 c5 2. Nf3 Nc6 3. Bc4 e6 4. Nc3 Nf6 5. d3 Nd4 6. Bg5 Be7 7. e5 Ng4 8. Bxe7
Qxe7 9. Nxd4 cxd4 10. Qxg4 dxc3 11. bxc3 f5 12. Qh3 O-O 13. O-O a6 14. d4 b5
15. Bd3 Bb7 16. g4 Qg5 17. f3 h6 18. Kf2 fxg4 19. Qxg4 Qxg4 20. Ke2 Bxf3+ 21.
Ke3 Rf7 22. Rg1 Qf4+ 23. Kf2 Raf8 24. Rg3 Bh1+ 25. Kg1 Qf2+ 26. Kxh1 Rf5 27.
Bxf5 Rxf5 28. Rag1 Kf8 29. Rxg7 Rh5 30. R1g2 Qe1+ 31. Rg1 Qh4 32. R7g2 Ke7 33.
Rg7+ Kd8 34. R1g2 Ke8 35. R7g3 Kd8 36. h3 Qe4 37. Kh2 Qe1 38. Rg1 Qf2+ 39. R3g2
Qf8 40. Rg8 Rf5 41. Rxf8+ Rxf8 42. Rg6 Kc7 43. Rxh6 Rf7 44. h4 d6 45. exd6+
Kxd6 46. Rg6 Kd5 47. h5 b4 48. cxb4 Kxd4 49. h6 Rh7 50. Rxe6 Kc4 51. Rxa6 Kxb4
52. Kh3 Kb5 53. Rg6 Rh8 54. Kh4 Kc5 55. Kh5 Kd5 56. Rg7 Kd6 57. h7 Ke6 58. Kh6
Kf6 59. Rg8 Rxg8 60. hxg8=Q 1-0

[Event "DVM U10 2020"]
[Site "Magdeburg GER"]
[Date "2021.08.07"]
[Round "3"]
[White "Bock, Leonas"]
[Black "Kommessin, Felix"]
[Result "0-1"]
[Termination "normal"]
[Board "9.1"]
[WhiteElo "1278"]
[BlackElo "1322"]
[WhiteTeam "SSV Vimaria 91 Weimar"]
[BlackTeam "Schachfreunde Brackel 1930 e. V."]
[PlyCount "64"]
[WhiteFideId "16287118"]
[BlackFideId "16294661"]
[EventCountry "GER"]
[EventRounds "7"]
[EventType "team-swiss"]
[EventDate "2021.08.06"]

1. b3 e5 2. Bb2 Nc6 3. e3 d5 4. Bb5 Bd6 5. f4 Qe7 6. Nf3 f6 7. Bxc6+ bxc6 8.
fxe5 fxe5 9. Nxe5 Qg5 10. Nf3 Qg6 11. O-O Nf6 12. d3 O-O 13. Nbd2 Qh6 14. Qe2
Ng4 15. g3 Nxe3 16. Rf2 Bg4 17. c4 Rae8 18. Re1 Bh5 19. cxd5 Nc2 20. Ne4 Nxe1
21. Qxe1 Bxf3 22. Qc3 Be5 23. d4 Bxe4 24. Rxf8+ Rxf8 25. dxe5 Bxd5 26. Ba3 Rf3
27. Qd4 Qe3+ 28. Qxe3 Rxe3 29. Bc5 Re2 30. a3 Bxb3 31. Bxa7 Rxe5 32. Bd4 Rd5
0-1

[Event "DVM U10 2020"]
[Site "Magdeburg GER"]
[Date "2021.08.07"]
[Round "3"]
[White "Böing, Oskar"]
[Black "Kirsch, Jamie"]
[Result "1-0"]
[Termination "normal"]
[Board "9.2"]
[WhiteElo "969"]
[BlackElo "1078"]
[WhiteTeam "Schachfreunde Brackel 1930 e. V."]
[BlackTeam "SSV Vimaria 91 Weimar"]
[PlyCount "68"]
[WhiteFideId "16285654"]
[BlackFideId "34640460"]
[EventCountry "GER"]
[EventRounds "7"]
[EventType "team-swiss"]
[EventDate "2021.08.06"]

1. e4 d5 2. Nc3 e6 3. e5 Bb4 4. Nf3 f5 5. a3 Bxc3 6. bxc3 Ne7 7. d4 Nd7 8. Bg5
O-O 9. Bd3 b6 10. Bb5 c5 11. Bc6 Rb8 12. O-O Ba6 13. Re1 b5 14. Rb1 h6 15. Bxe7
Qxe7 16. a4 bxa4 17. Rxb8 Rxb8 18. Bxa4 Bb5 19. Bxb5 Rxb5 20. Qa1 a5 21. Rb1
Rxb1+ 22. Qxb1 c4 23. Qa2 Qd8 24. Qa3 Nf8 25. Qa4 Ng6 26. g3 h5 27. h4 Ne7 28.
Ng5 Qa8 29. Nxe6 Kf7 30. Nc7 Qc8 31. Qxa5 g6 32. Qb6 Qd8 33. Qf6+ Kg8 34. Ne6
Qf8 1-0

[Event "DVM U10 2020"]
[Site "Magdeburg GER"]
[Date "2021.08.07"]
[Round "3"]
[White "Krömer, Antonius"]
[Black "Seling, Simon"]
[Result "1-0"]
[Termination "normal"]
[Board "9.3"]
[WhiteElo "1041"]
[BlackElo "836"]
[WhiteTeam "SSV Vimaria 91 Weimar"]
[BlackTeam "Schachfreunde Brackel 1930 e. V."]
[PlyCount "121"]
[WhiteFideId "34660518"]
[BlackFideId "34681809"]
[EventCountry "GER"]
[EventRounds "7"]
[EventType "team-swiss"]
[EventDate "2021.08.06"]

1. d4 d5 2. Nf3 Nc6 3. e3 Bf5 4. Be2 e6 5. O-O Nf6 6. b3 Bd6 7. Bb2 O-O 8. Nbd2
Nb4 9. Ne5 Bxe5 10. dxe5 Nd7 11. a3 Nxc2 12. Rc1 Nxa3 13. Bxa3 Re8 14. Bb2 f6
15. Bh5 Bg6 16. Bxg6 hxg6 17. Qg4 Nxe5 18. Bxe5 fxe5 19. Qxg6 Qf6 20. Qxf6 gxf6
21. Rxc7 b6 22. f4 Rec8 23. Rb7 Rcb8 24. Re7 Re8 25. Rxe8+ Rxe8 26. fxe5 fxe5
27. g4 Rf8 28. Rxf8+ Kxf8 29. h4 Kg7 30. g5 Kg6 31. e4 d4 32. Kf2 a5 33. Ke2 b5
34. Kd3 a4 35. bxa4 bxa4 36. Kc2 a3 37. Kb1 Kh5 38. Ka2 Kxh4 39. g6 Kg4 40. g7
Kf4 41. g8=Q Ke3 42. Qxe6 Kxd2 43. Qxe5 d3 44. Qd4 Ke2 45. e5 d2 46. e6 d1=Q
47. Qxd1+ Kxd1 48. e7 Kc2 49. e8=Q Kc3 50. Qe4 Kd2 51. Kxa3 Kc3 52. Qb4+ Kd3
53. Ka4 Kc2 54. Qa3 Kd2 55. Kb4 Ke2 56. Qb3 Kd2 57. Kc4 Ke2 58. Kd4 Kd2 59.
Qb2+ Kd1 60. Ke3 Ke1 61. Qc1# 1-0

[Event "DVM U10 2020"]
[Site "Magdeburg GER"]
[Date "2021.08.07"]
[Round "3"]
[White "Libert, Nick"]
[Black "Stadelmann, Henriette"]
[Result "1-0"]
[Termination "normal"]
[Board "9.4"]
[WhiteElo "768"]
[BlackElo "940"]
[WhiteTeam "Schachfreunde Brackel 1930 e. V."]
[BlackTeam "SSV Vimaria 91 Weimar"]
[PlyCount "87"]
[WhiteFideId "34634088"]
[EventCountry "GER"]
[EventRounds "7"]
[EventType "team-swiss"]
[EventDate "2021.08.06"]

1. e4 d5 2. exd5 Qxd5 3. Nc3 Qa5 4. Nf3 Bg4 5. h3 Bh5 6. d4 Nf6 7. g4 Nxg4 8.
hxg4 Bxg4 9. Be2 e6 10. Ne5 f6 11. Nxg4 Nd7 12. a3 O-O-O 13. Be3 e5 14. d5 c5
15. Qd2 a6 16. O-O-O Nb6 17. Na2 Qa4 18. Nc3 Qa5 19. f4 c4 20. Bxb6 Qxb6 21. b4
Bxb4 22. axb4 Qxb4 23. fxe5 Qa3+ 24. Kb1 Qb4+ 25. Ka1 Qa5+ 26. Na2 Qa3 27. Qc3
Qa4 28. Bxc4 b5 29. Bxb5+ Kb8 30. Bxa4 Rc8 31. Qb4+ Ka7 32. Bc6 Rb8 33. Qc5+
Rb6 34. Qe7+ Kb8 35. Qxg7 Rc8 36. Ba4 Rb7 37. Qxf6 a5 38. d6 h5 39. d7 hxg4 40.
d8=Q Rxd8 41. Rxd8+ Ka7 42. Qf2+ Ka6 43. Ra8+ Ra7 44. Qxa7# 1-0

[Event "DVM U10 2020"]
[Site "Magdeburg GER"]
[Date "2021.08.07"]
[Round "3"]
[White "Hoffmann, Svenja"]
[Black "Arne, Jonas"]
[Result "1-0"]
[Termination "normal"]
[Board "10.1"]
[WhiteElo "1307"]
[BlackElo "1205"]
[WhiteTeam "Schachzwerge Magdeburg"]
[BlackTeam "SC 1975 Bann"]
[PlyCount "39"]
[WhiteFideId "16287312"]
[BlackFideId "34640398"]
[EventCountry "GER"]
[EventRounds "7"]
[EventType "team-swiss"]
[EventDate "2021.08.06"]

1. e4 d6 2. d4 Nf6 3. Nc3 g6 4. Nf3 Bg7 5. Be3 Bg4 6. Be2 Bxf3 7. Bxf3 Nc6 8.
Qd2 Qd7 9. O-O-O O-O-O 10. d5 Ne5 11. Be2 Kb8 12. h3 h5 13. f4 Neg4 14. hxg4
Nxg4 15. Bxg4 Qxg4 16. Qf2 b6 17. f5 gxf5 18. Rh4 Qg6 19. exf5 Qh7 20. Rdh1 1-0

[Event "DVM U10 2020"]
[Site "Magdeburg GER"]
[Date "2021.08.07"]
[Round "3"]
[White "Klein, Levent"]
[Black "Pflug, Anton"]
[Result "1-0"]
[Termination "normal"]
[Board "10.2"]
[WhiteElo "1229"]
[BlackElo "1113"]
[WhiteTeam "SC 1975 Bann"]
[BlackTeam "Schachzwerge Magdeburg"]
[PlyCount "91"]
[WhiteFideId "34611274"]
[BlackFideId "34611495"]
[EventCountry "GER"]
[EventRounds "7"]
[EventType "team-swiss"]
[EventDate "2021.08.06"]

1. d4 d5 2. c4 e6 3. Nc3 Nf6 4. Bg5 Nbd7 5. cxd5 exd5 6. Qb3 c6 7. e3 Be7 8.
Bd3 O-O 9. Nf3 b5 10. a3 a5 11. O-O h6 12. Bxf6 Nxf6 13. Ne5 Be6 14. Nxc6 a4
15. Nxd8 axb3 16. Nxe6 fxe6 17. Nxb5 Nd7 18. Nc7 Rab8 19. Nxe6 Rf6 20. Nf4 Nb6
21. Rfe1 Rd8 22. Rac1 Na4 23. Re2 Rb6 24. Nxd5 Rxd5 25. Bc4 Rd6 26. e4 Bg5 27.
Bxd5+ Kh8 28. Rc8+ Kh7 29. Bxb3 Nb6 30. Rb8 Rc6 31. f3 Bh4 32. g3 Rc1+ 33. Kg2
Nd7 34. Rb7 Nf8 35. gxh4 Ng6 36. Kg3 Rg1+ 37. Rg2 Rxg2+ 38. Kxg2 Nxh4+ 39. Kg3
Ng6 40. a4 h5 41. h4 Nf8 42. d5 Ng6 43. a5 Ne5 44. a6 Nd3 45. Bc2 Nc5 46. a7
1-0

[Event "DVM U10 2020"]
[Site "Magdeburg GER"]
[Date "2021.08.07"]
[Round "3"]
[White "Steinbrenner, Peter"]
[Black "Nönnig, Lotte"]
[Result "1/2-1/2"]
[Termination "normal"]
[Board "10.4"]
[WhiteElo "940"]
[BlackElo "781"]
[WhiteTeam "SC 1975 Bann"]
[BlackTeam "Schachzwerge Magdeburg"]
[PlyCount "48"]
[WhiteFideId "34645535"]
[BlackFideId "34611509"]
[EventCountry "GER"]
[EventRounds "7"]
[EventType "team-swiss"]
[EventDate "2021.08.06"]

1. e4 e5 2. Nf3 Nc6 3. Bc4 Bc5 4. c3 Nf6 5. b4 Bb6 6. b5 Ne7 7. Nxe5 O-O 8. d4
Nxe4 9. Nd2 Nxc3 10. Qb3 Bxd4 11. Nxf7 Rxf7 12. Bxf7+ Kh8 13. Bb2 Qf8 14. Bxc3
Bxc3 15. Qxc3 Qxf7 16. O-O Nd5 17. Qf3 Nf4 18. Rfe1 d6 19. Qxf4 Bf5 20. g4 Qg6
21. Qxf5 Qh6 22. Qf7 Qg6 23. Qxg6 hxg6 24. Re7 Rc8 1/2-1/2

[Event "DVM U10 2020"]
[Site "Magdeburg GER"]
[Date "2021.08.07"]
[Round "3"]
[White "Yaroshenko, Vladimir"]
[Black "Grundel-Kawano, Emi"]
[Result "1-0"]
[Termination "normal"]
[Board "11.3"]
[WhiteElo "1097"]
[BlackElo "832"]
[WhiteTeam "SK Gräfelfing"]
[BlackTeam "USC Magdeburg"]
[PlyCount "53"]
[WhiteFideId "34695699"]
[BlackFideId "34624775"]
[EventCountry "GER"]
[EventRounds "7"]
[EventType "team-swiss"]
[EventDate "2021.08.06"]

1. e4 e5 2. Nf3 Nc6 3. Bc4 Bc5 4. d3 h6 5. Nc3 Nf6 6. Be3 Bb6 7. Qd2 O-O 8.
O-O-O d6 9. Rhg1 Be6 10. Bb3 Ba5 11. h3 Nd7 12. g4 Nb6 13. g5 h5 14. g6 fxg6
15. Rxg6 Rxf3 16. Bxe6+ Kh7 17. Rdg1 Qh4 18. Rxg7+ Kh8 19. Bf5 Qe7 20. Rxe7
Nxe7 21. Bh6 Rg8 22. Rxg8+ Nxg8 23. Qg5 Nxh6 24. Qxh6+ Kg8 25. Be6+ Rf7 26.
Qg6+ Kf8 27. Qxf7# 1-0

[Event "DVM U10 2020"]
[Site "Magdeburg GER"]
[Date "2021.08.07"]
[Round "3"]
[White "Nguyen, Long"]
[Black "Barsov, Mikhail"]
[Result "0-1"]
[Termination "normal"]
[Board "11.4"]
[WhiteElo "784"]
[BlackElo "858"]
[WhiteTeam "USC Magdeburg"]
[BlackTeam "SK Gräfelfing"]
[PlyCount "54"]
[WhiteFideId "34624708"]
[BlackFideId "34623906"]
[EventCountry "GER"]
[EventRounds "7"]
[EventType "team-swiss"]
[EventDate "2021.08.06"]

1. e4 e5 2. Nf3 Nc6 3. Bc4 Bc5 4. O-O Nf6 5. Nc3 O-O 6. d3 h6 7. Be3 Bxe3 8.
fxe3 d6 9. d4 Bg4 10. h3 Bh5 11. Nd5 Nxe4 12. Bd3 Nf6 13. e4 exd4 14. Be2 Nxe4
15. Nd2 Bxe2 16. Qxe2 Ng3 17. Qf3 Nxf1 18. Rxf1 Ne5 19. Qh5 c6 20. Nb4 Qa5 21.
Ne4 d5 22. Nd6 Qxb4 23. Qxe5 Rad8 24. Rf3 Qxd6 25. Qxd4 Rfe8 26. Kf2 Qe5 27.
Qg4 Qe1# 0-1

[Event "DVM U10 2020"]
[Site "Magdeburg GER"]
[Date "2021.08.07"]
[Round "3"]
[White "Dietrich, Fabian"]
[Black "Burban, Victor"]
[Result "1/2-1/2"]
[Termination "normal"]
[Board "12.1"]
[WhiteElo "1174"]
[BlackElo "1272"]
[WhiteTeam "SK Marburg 1931/72"]
[BlackTeam "SchachAkademiePaderborn e. V."]
[PlyCount "73"]
[WhiteFideId "34640240"]
[BlackFideId "34609032"]
[EventCountry "GER"]
[EventRounds "7"]
[EventType "team-swiss"]
[EventDate "2021.08.06"]

1. e4 e6 2. d4 d5 3. exd5 exd5 4. Nf3 Nf6 5. c4 Bb4+ 6. Bd2 Bxd2+ 7. Nbxd2 O-O
8. Be2 Bf5 9. O-O Nc6 10. Nh4 Be6 11. Nhf3 Re8 12. cxd5 Nxd5 13. Bb5 Nde7 14.
Nb3 a6 15. Bxc6 Nxc6 16. Nc5 Rb8 17. Nxe6 Rxe6 18. Qd3 Rd6 19. Rad1 Ne7 20.
Rfe1 Ng6 21. Rd2 c5 22. Red1 cxd4 23. Qc4 Rc8 24. Qb4 b5 25. Rxd4 Rxd4 26. Qxd4
Qxd4 27. Nxd4 Rd8 28. Rd2 Nf4 29. Nb3 Ne2+ 30. Kf1 Rxd2 31. Nxd2 Nc1 32. a3 Nd3
33. b4 Nf4 34. g3 Ne6 35. Ke2 Kf8 36. Kd3 f5 37. f4 1/2-1/2

[Event "DVM U10 2020"]
[Site "Magdeburg GER"]
[Date "2021.08.07"]
[Round "3"]
[White "Vesszö, Aaron"]
[Black "Jung, Lukas"]
[Result "1-0"]
[Termination "normal"]
[Board "12.2"]
[WhiteElo "951"]
[BlackElo "865"]
[WhiteTeam "SchachAkademiePaderborn e. V."]
[BlackTeam "SK Marburg 1931/72"]
[PlyCount "107"]
[WhiteFideId "34619631"]
[EventCountry "GER"]
[EventRounds "7"]
[EventType "team-swiss"]
[EventDate "2021.08.06"]

1. d4 d5 2. Nf3 Nf6 3. g3 Nc6 4. Bg2 Bf5 5. a3 g6 6. O-O Bg7 7. e3 Bg4 8. c4
O-O 9. Nc3 dxc4 10. Qa4 Bd7 11. Qxc4 a6 12. Ne5 Nxe5 13. dxe5 Nh5 14. Bxb7 Ra7
15. Bf3 Bb5 16. Nxb5 axb5 17. Qxb5 Qc8 18. Qc5 Qa6 19. Qxe7 c5 20. Qd6 Qa5 21.
Bd2 Qb5 22. b4 Rd7 23. Qxc5 Qxc5 24. bxc5 Rxd2 25. Rac1 Bxe5 26. c6 Rc8 27. e4
Nf6 28. Rc5 Bd6 29. Ra5 Rc2 30. e5 Bc7 31. Rb5 Rc3 32. Bg2 Ng4 33. Bh3 h5 34.
f3 Bxe5 35. fxg4 Bd4+ 36. Kh1 h4 37. Bg2 hxg3 38. Bd5 Rc7 39. Rb7 Rc2 40. hxg3
R7xc6 41. Bxc6 Rxc6 42. Rbxf7 Bc5 43. R1f3 Rb6 44. R7f6 Rb1+ 45. Kh2 Rb2+ 46.
Kh3 Bg1 47. g5 Rh2+ 48. Kg4 Bc5 49. Rxg6+ Kh7 50. Rc6 Be7 51. Rf7+ Kg8 52. Rxe7
Kf8 53. Rb7 Rb2 54. Rc8# 1-0

[Event "DVM U10 2020"]
[Site "Magdeburg GER"]
[Date "2021.08.07"]
[Round "3"]
[White "Piller, Rafael"]
[Black "Kleine, Jelte"]
[Result "1/2-1/2"]
[Termination "normal"]
[Board "12.3"]
[WhiteElo "931"]
[BlackElo "1050"]
[WhiteTeam "SK Marburg 1931/72"]
[BlackTeam "SchachAkademiePaderborn e. V."]
[PlyCount "78"]
[BlackFideId "34619534"]
[EventCountry "GER"]
[EventRounds "7"]
[EventType "team-swiss"]
[EventDate "2021.08.06"]

1. e4 e6 2. d4 d5 3. e5 c5 4. c3 Qb6 5. Be3 Qxb2 6. Nd2 cxd4 7. cxd4 Qb6 8. Rb1
Qd8 9. Ngf3 Nc6 10. Bb5 Qc7 11. Bxc6+ bxc6 12. O-O Ne7 13. g3 Nf5 14. Qe2 Nxe3
15. fxe3 Qa5 16. Ng5 Ba6 17. Qf2 f6 18. exf6 Bxf1 19. Nxf1 Qd8 20. Nxe6 Qd7 21.
Nxf8 Rxf8 22. Nd2 Rxf6 23. Qe2 Qf5 24. Rf1 Qg6 25. Rxf6 Qxf6 26. e4 Qxd4+ 27.
Kf1 dxe4 28. Qh5+ Ke7 29. Qxh7 Qxd2 30. Qxe4+ Kd7 31. Qg4+ Kc7 32. Qxg7+ Qd7
33. Qe5+ Kd8 34. Qh8+ Qe8 35. Qf6+ Qe7 36. Qh8+ Kd7 37. Qxa8 Qf7+ 38. Kg2 Qxa2+
39. Kh3 Qe6+ 1/2-1/2

[Event "DVM U10 2020"]
[Site "Magdeburg GER"]
[Date "2021.08.07"]
[Round "3"]
[White "Kamleiter, Noah"]
[Black "Seth, Aakrit"]
[Result "0-1"]
[Termination "normal"]
[Board "14.1"]
[WhiteElo "1476"]
[BlackElo "1381"]
[WhiteTeam "TSV Bindlach Aktionär"]
[BlackTeam "SC Weisse Dame e.V."]
[PlyCount "142"]
[WhiteFideId "16265815"]
[BlackFideId "34604812"]
[EventCountry "GER"]
[EventRounds "7"]
[EventType "team-swiss"]
[EventDate "2021.08.06"]

1. e4 c5 2. Nf3 d6 3. Bb5+ Bd7 4. Bxd7+ Nxd7 5. O-O Ngf6 6. Re1 g6 7. c3 Bg7 8.
d4 O-O 9. Bf4 Qb6 10. Qd2 Ne8 11. Na3 Qa6 12. Bh6 b5 13. Bxg7 Kxg7 14. Qd3 c4
15. Qe2 Qb7 16. e5 dxe5 17. Nxe5 Ndf6 18. Nf3 Nd5 19. Nc2 a5 20. Ne3 Nf4 21.
Qd2 Nd3 22. Rf1 Nf6 23. Ne5 Nxe5 24. dxe5 Ne4 25. Qc2 Nc5 26. Rad1 Nd3 27. f4
Qb6 28. Rxd3 cxd3 29. Qxd3 Rfd8 30. Qe4 f5 31. exf6+ exf6 32. Kh1 Re8 33. Nd5
Rxe4 34. Nxb6 Rae8 35. Kg1 Re1 36. Kf2 Rxf1+ 37. Kxf1 Rd8 38. Ke2 f5 39. Ke3
Kf6 40. Ke2 h6 41. a4 bxa4 42. Nxa4 Re8+ 43. Kf2 g5 44. g3 gxf4 45. gxf4 Re4
46. Nc5 Rxf4+ 47. Kg2 Rc4 48. Na6 Ra4 49. Nc5 Ra2 50. Nd3 a4 51. Kg3 a3 52.
bxa3 Rxa3 53. Nf4 Rxc3+ 54. Kh4 Rc4 55. Kg3 Rc2 56. h3 Kf7 57. Kh4 Rc3 58. Kh5
Rf3 59. Ng6 Rxh3+ 60. Nh4 Rxh4+ 61. Kxh4 Kg6 62. Kg3 Kg5 63. Kh3 h5 64. Kh2 f4
65. Kg2 Kg4 66. Kh2 h4 67. Kg2 h3+ 68. Kh2 f3 69. Kg1 Kg3 70. Kh1 Kf2 71. Kh2
Ke2 0-1

[Event "DVM U10 2020"]
[Site "Magdeburg GER"]
[Date "2021.08.07"]
[Round "3"]
[White "Nguyen, Hoang"]
[Black "John, Linnea"]
[Result "0-1"]
[Termination "normal"]
[Board "14.3"]
[WhiteElo "847"]
[BlackElo "1085"]
[WhiteTeam "TSV Bindlach Aktionär"]
[BlackTeam "SC Weisse Dame e.V."]
[PlyCount "71"]
[BlackFideId "34623680"]
[EventCountry "GER"]
[EventRounds "7"]
[EventType "team-swiss"]
[EventDate "2021.08.06"]

1. e4 c5 2. c3 d5 3. exd5 Qxd5 4. c4 Qd8 5. Nf3 g6 6. b4 Bg7 7. Nc3 cxb4 8. Rb1
bxc3 9. dxc3 Bxc3+ 10. Bd2 Bxd2+ 11. Qxd2 Qxd2+ 12. Nxd2 Nf6 13. h3 O-O 14. c5
Nc6 15. g3 Rb8 16. Bg2 Bf5 17. Rb2 Rfd8 18. a4 Nd5 19. O-O Nc3 20. Nc4 Nxa4 21.
Rd2 Nxc5 22. Rxd8+ Rxd8 23. f4 Bd3 24. Rd1 Bxc4 25. Rxd8+ Nxd8 26. h4 Nc6 27.
g4 a5 28. Kf2 a4 29. Bf3 a3 30. Bxc6 bxc6 31. Kf3 a2 32. Ke3 a1=Q 33. f5 Qe5+
34. Kd2 Qd4+ 35. Kc2 Qd3+ 36. Kc1 0-1